000 00299cam a22001097a 4500
008 180718b1959 xxu||||| |||| 00| 0 eng d
082 _aW03x54 In2/1959b
100 _aSinha, Jhulan
245 _aTransport co-ordination bill, 1959
_cby Jhulan Sinha
260 _aDelhi
_bLok Sabha
_c1959
300 _a4p.
999 _c498528
_d498528